000 00593nam a22001937a 4500
005 20160831163730.0
010 _aENG-115883
020 _a9789352531653
_c265.00
035 _aEN-99415
037 _bDBAD/PUB
082 _a000
100 _aKhurana,KJS
245 _aS.Chand's RRB :
_brailway recruitment board (CBT) /
_c by KJS Khurana [and] Rajeev Markanday
260 _aNew Delhi
_bS.Chand & Company
_c2016
270 _a7361,Ram Nagar
_bNew Delhi
_e110055
300 _aVerious Pagings.
_c24cm(pbk)
700 _a Markanday,Rajeev
942 _2ddc
_cEN
_h000
_mKHU
999 _c102941
_d102941